000
00335nam a22001457a 4500
020
_q
PB.
040
_c
FIZZA ISHAQ
082
_a
005.133
_b
JON
100
_a
KANERVA, JONNI.
_9
89332
245
_a
THE JAVA FAQ /
_c
JONNI KANERVA.
250
_a
1st ED.
260
_b
WESLEY,
_c
1997.
300
_a
324 P. ;
942
_2
ddc
_c
BK
999
_c
588100
_d
588100